000 01092cam a22003253a 4500
001 19337
003 PGUSA
005 20140828083417.0
008 060920s2006||||xxu|||||s|||||000 1 eng d
040 _aPGUSA
_beng
042 _adc
050 4 _aPR
100 1 _aDickens, Charles,
_d1812-1870
245 1 2 _aA Christmas Carol
_h[electronic resource] /
_cCharles Dickens
260 _bProject Gutenberg,
_c2006
505 0 _aI Marley's Ghost -- II The First of the Three Spirits -- III The Second of the Three Spirits -- IV The Last of the Spirits -- V The End of it
506 _aPublic domain in the USA.
516 _aElectronic text
653 _aSick children -- Fiction
653 _aMisers -- Fiction
653 _aScrooge, Ebenezer (Fictitious character) -- Fiction
653 _aGhost stories
653 _aPoor families -- Fiction
653 _aChristmas stories
653 _aLondon (England) -- Fiction
700 1 _aWilliams, George Alfred,
_d1875-1932
830 0 _aProject Gutenberg
_v19337
856 4 0 _uhttp://www.gutenberg.org/ebooks/19337
942 _cEB
999 _c248592
_d248592